Deliliğe övgü / (Record no. 13177)

MARC details
000 -BAŞLIK
Sabit Uzunlukta Kontrol Alanı 00842nam a2200241 4500
999 ## - SİSTEM KONTROL NUMARALARI (KOHA)
Koha Biblionumber 13177
Koha Biblioitemnumber 13177
003 - KONTROL NUMARASI IDENTIFIER
Denetim Alanı MIRAKIL
005 - SON İŞLEM TARİHİ VE ZAMANI
Denetim Alanı 20190418143258.0
008 - SABİT-BOY VERİ ELEMANLARI - GENEL BİLGİLER
Sabit Uzunlukta Kontrol Alanı 190418b tu ||||| |||| 00| 0 tur d
020 ## - ULUSLARARASI STANDART KİTAP NUMARASI
Uluslararası Standart Kitap Numarası 9786053327196
040 ## - KATALOGLAMA KAYNAK
Orijinal Kataloglama Ajansı TR-AnCHP
Metne Dönüştürmek Ajansı TR-AnCHP
041 ## - DİL KODU
Metin / Ses Parça Veya Ayrı Başlığın Dil Kodu tur
082 ## - DEWEY ONLU SINIFLANDIRMA NUMARASI
Sınıflandırma Numarası 877.3
Ürün Numarası E62d 2016
100 ## - ANA GİRİŞ - KİŞİSEL İSİM
Kişisel Ad Erasmus, Desiderius
Bir Adıyla İlişkilendirilen Tarihler 1466-1536
245 10 - BAŞLIK TABLOSU
Başlık Deliliğe övgü /
Sorumluluk Tablosu, Vb Erasmus ; Latince aslından çeviren: Yücel Sivri
260 ## - YAYIN, DAĞITIM, VB
Yayın, Dağıtım, Vb Yeri İstanbul :
Yayıncı, Dağıtıcı, Vs Adı Türkiye İş Bankaları Kültür Yayınları,
Yayın, Dağıtım, Vb Tarihi 2016.
300 ## - FİZİKSEL TANIM
Kapsam 137 s.:
Boyutlar 22 sm.
490 0# - SERİSİ TABLOSU
Seri Beyanı Türkiye İş Bankaları Kültür Yayınları;
-- Hasan Ali Yücel klasikler dizisi;
Hacim / Ardışık Tanımı Genel yayın : 3521.
-- 278.
500 ## - GENEL NOT
Genel Not Özgün yapıt adı : Econıum morıae.
650 #0 - KONU KATMA GİRİŞ - TOPİKAL DÖNEM
9 (RLIN) 5643
Topikal Süreli Veya Coğrafi Ad Giriş Elemanı Latin edebiyatı
650 #0 - KONU KATMA GİRİŞ - TOPİKAL DÖNEM
9 (RLIN) 34
Topikal Süreli Veya Coğrafi Ad Giriş Elemanı Felsefe
700 ## - KATMA GİRİŞ - KİŞİSEL İSİM
9 (RLIN) 5644
Kişisel Ad Sivri, Yücel
Relator Terim çev.
942 ## - EKLENDİ GİRİŞ ELEMANLARI (KOHA)
Sınıflandırma Veya Raf Düzeni Kaynak Dewey Decimal Classification
Koha Öğesi Türü Books
Holdings
Kalıcı Konum Mevcut Konum Edinme Tarihi Toplam Check-Out'Lar Tam Çağrı Numarası Barkod Tarih Son Görülme İtibaren Geçerli Fiyatlar Koha Öğesi Türü
CHP Kütüphanesi CHP Kütüphanesi 04/18/2019   877.3 E62d 2016 005544 04/18/2019 04/18/2019 Books